White Colored Pokemons - Statistics

General Stats
  • This quiz has been taken 12 times
  • The average score is 63 of 89
Answer Stats
Generations Types Answer % Correct
Dark Absol
90%
Water/Ice Dewgong
90%
Psychic/Fighting Gallade
90%
Psychic/Fairy Gardevoir
90%
Psychic/Fairy Kirlia
90%
Psychic/Fairy Ralts
90%
Galar Fire Scorbunny
90%
Water Seel
90%
Grass/Ice Abomasnow
80%
Normal(Varies) Arceus
80%
Ice Beartic
80%
Fire/Ghost Blacephalon
80%
Kanto Bug/Flying Butterfree
80%
Fire Cinderace
80%
Ice Cubchoo
80%
Electric/Flying Emolga
80%
Water/Ghost Frillish
80%
Ice/Ghost Froslass
80%
Ice/Bug Frosmoth
80%
Water/Ghost Jellicent
80%
Bug/Fire Larvesta
80%
Ghost/Fire Litwick
80%
Psychic/Flying Lugia
80%
Dragon Shelgon
80%
Fairy Slurpuff
80%
Ice/Bug Snom
80%
Grass/Ice Snover
80%
Unova Water/Flying Swanna
80%
Fairy Swirlix
80%
Fairy/Flying Togekiss
80%
Johto Fairy Togepi
80%
Fairy/Flying Togetic
80%
Ice Vanillish
80%
Ice Vanillite
80%
Ice Vanilluxe
80%
Bug/Fire Volcarona
80%
Water/Flying Wingull
80%
Grass/Poison Amoonguss
70%
Ice Cetitan
70%
Alola Fighting/Ice Crabominable
70%
Steel/Dragon Dialga
70%
Normal/Dragon Drampa
70%
Normal Dubwool
70%
Kalos Fairy Flabébé
70%
Fairy Floette
70%
Fairy Florges
70%
Grass/Poison Foongus
70%
Normal Furfrou
70%
Electric Mareep
70%
Normal Maushold
70%
Normal/Psychic(Fighting) Meloetta
70%
Rock/Poison Nihilego
70%
Sinnoh Electric Pachirisu
70%
Fighting Pancham
70%
Fighting/Dark Pangoro
70%
Bug/Fighting Pheromosa
70%
Normal Regigigas
70%
Dragon/Fire Reshiram
70%
Bug Silcoon
70%
Psychic/Steel Solgaleo
70%
Normal Tandemaus
70%
Electric Tynamo
70%
Normal Wooloo
70%
Flying/Dark Bombirdier
60%
Ice Cetoddle
60%
Dark/Ice Chien-Pao
60%
Ice Glastrier
60%
Ghost Greavard
60%
Ghost Houndstone
60%
Fire/Poison Iron Moth
60%
Hoenn Normal Linoone
60%
Normal/Psychic Oranguru
60%
Fighting Passimian
60%
Normal/Flying Rufflet
60%
Paldea Bug Tarountula
60%
Normal Zangoose
60%
Fairy Alcremie
50%
Steel/Dragon Archaludon
50%
Grass/Dark Brute Bonnet
50%
Ghost Cursola
50%
Steel/Dragon Duraludon
50%
Fairy/Fighting Iron Valiant
50%
Grass/Steel Kartana
50%
Fairy Milcery
50%
Fighting Sirfetch'd
50%
Bug/Fighting Slither Wing
50%
Normal Vigoroth
50%
Water Wiglett
50%
Normal Smeargle
40%
No matching quizzes found
Score Distribution
Percent of People with Each Score
Percentile by Number Answered
Your Score History
You have not taken this quiz